000
00288nam a2200109Ia 4500
008
220204s9999 xx 000 0 und d
082
_a
001
_b
TUT
100
_a
Tuteja, S K
245
0
_a
Encyclopaedia of general knowledge and world affairs
260
_a
New Delhi
_b
Varma
_c
1979
942
_c
BK
999
_c
32185
_d
32185